Marketingová komunikácia v sektore služieb diplomová práca

Salvato in:
Dettagli Bibliografici
Autore principale: Majtanová, Gabriela
Ente Autore: Obchodná fakulta EU. Katedra marketingu
Altri autori: Orgonáš, Jozef, 1957-
Natura: Libro
Lingua:slovacco
Pubblicazione: Bratislava 2021
Tags: Aggiungi Tag
Nessun Tag, puoi essere il primo ad aggiungerne!!

MARC

LEADER 00000nbm a2200000 4500
001 0274375
005 20220131133304.0
041 0 |a slo 
044 |a SK 
245 1 0 |a Marketingová komunikácia v sektore služieb  |b diplomová práca  |c Gabriela Majtanová ; školiteľ: Jozef Orgonáš 
264 1 |a Bratislava  |c 2021 
300 |a 63 s. 
100 1 |a Majtanová, Gabriela 
700 1 |a Orgonáš, Jozef, 1957- 
710 2 |a Obchodná fakulta EU. Katedra marketingu